Statistics for Countries Without A 'U' In Its Name

Click here to take the quiz!

General Stats

  • This quiz has been taken 110 times
    (93 since last reset)
  • The average score is 104 of 137

Answer Stats

ContinentCountry% Correct
North AmericaCanada
95%
AfricaAlgeria
93%
South AmericaArgentina
93%
AsiaAfghanistan
90%
EuropeAlbania
90%
North AmericaMexico
90%
EuropeSweden
90%
EuropeAndorra
88%
AsiaAzerbaijan
88%
AsiaChina
88%
EuropeFrance
88%
EuropeIceland
88%
AsiaKazakhstan
88%
AsiaMongolia
88%
EuropeNorway
88%
EuropeSpain
88%
AfricaEgypt
85%
EuropeEstonia
85%
AsiaJapan
85%
EuropeLatvia
85%
AfricaNiger
85%
AfricaNigeria
85%
AsiaYemen
85%
AfricaAngola
83%
AfricaBotswana
83%
South AmericaBrazil
83%
AsiaCambodia
83%
South AmericaChile
83%
North AmericaEl Salvador
83%
OceaniaFiji
83%
EuropeGermany
83%
EuropeGreece
83%
AsiaIndia
83%
EuropeIreland
83%
AsiaMalaysia
83%
AsiaPakistan
83%
EuropeRomania
83%
South AmericaColombia
80%
EuropeDenmark
80%
EuropeFinland
80%
AsiaIndonesia
80%
AsiaIsrael
80%
EuropeNetherlands
80%
OceaniaNew Zealand
80%
AsiaArmenia
78%
AfricaChad
78%
AfricaEswatini
78%
AsiaIraq
78%
AsiaLaos
78%
EuropeMonaco
78%
AfricaMorocco
78%
AfricaRwanda
78%
North AmericaSaint Kitts and Nevis
78%
North AmericaBahamas
76%
AsiaBahrain
76%
North AmericaCosta Rica
76%
EuropeCroatia
76%
AsiaIran
76%
EuropeItaly
76%
North AmericaJamaica
76%
AsiaKyrgyzstan
76%
AfricaLesotho
76%
EuropeMontenegro
76%
AsiaMyanmar
76%
AsiaNorth Korea
76%
AsiaOman
76%
EuropeSlovakia
76%
AfricaSomalia
76%
AsiaTajikistan
76%
OceaniaTonga
76%
EuropeVatican City
76%
AsiaVietnam
76%
AfricaZambia
76%
AfricaZimbabwe
76%
North AmericaBelize
73%
EuropeBosnia and Herzegovenia
73%
AfricaEthiopia
73%
AfricaGambia
73%
North AmericaHaiti
73%
AsiaJordan
73%
AfricaKenya
73%
EuropeKosovo
73%
AfricaLibya
73%
AfricaMadagascar
73%
AfricaNamibia
73%
EuropeNorth Macedonia
73%
North AmericaPanama
73%
EuropePoland
73%
AsiaQatar
73%
AfricaSenegal
73%
EuropeSwitzerland
73%
AsiaThailand
73%
AfricaTogo
73%
AsiaBangladesh
71%
North AmericaBarbados
71%
South AmericaBolivia
71%
AfricaCameroon
71%
North AmericaDominica
71%
AfricaLiberia
71%
EuropeLiechtenstein
71%
AsiaMaldives
71%
AfricaMali
71%
EuropeMalta
71%
AsiaNepal
71%
AsiaPhilippines
71%
OceaniaSamoa
71%
EuropeSan Marino
71%
AsiaSingapore
71%
EuropeSlovenia
71%
AsiaSyria
71%
AsiaTaiwan
71%
AfricaComoros
68%
AsiaGeorgia
68%
AfricaGhana
68%
North AmericaGrenada
68%
OceaniaMarshall Islands
68%
North AmericaSaint Vincent and the Grenadines
68%
EuropeSerbia
68%
AfricaTanzania
68%
North AmericaTrinidad and Tobago
68%
AfricaBenin
66%
AfricaIvory Coast
66%
OceaniaMicronesia
66%
EuropeMoldova
66%
AfricaSri Lanka
66%
AfricaEritrea
63%
OceaniaKiribati
63%
AfricaMalawi
63%
AsiaTimor Leste
63%
AfricaGabon
61%
AsiaLebanon
61%
AfricaSeychelles
61%
AfricaSierra Leone
61%
AfricaCape Verde
56%
OceaniaSolomon Islands
56%
AfricaSao Tome and Principe
54%
AfricaCongo
51%

Score Distribution

Percentile by Number Answered

Percent of People with Each Score

Your Score History

You have not taken this quiz since the last reset